North Korea Country Quiz - Statistics

General Stats
  • This quiz has been taken 61 times
  • The average score is 8 of 17
Answer Stats
Hint Answer % Correct
Official Language Korean
96%
Current Leader since 2011 Kim Jong Un
94%
Closest Ally China
92%
Capital City Pyongyang
92%
Country south of North Korea South Korea
89%
Founder of North Korea Kim Il Sung
64%
Most Popular Sport Soccer
62%
North Korea's main political ideology Communism
58%
Currency North Korean Won
55%
Another Name for North Korea DPRK
51%
Empire it was part of, 1910-1945 Japanese Empire
26%
Kim Jong Un's older half brother, murdered in Malaysia Kim Jong Nam
21%
2nd most populated city in North Korea Hamhung
19%
North Korea's main export Minerals
8%
Top Beer brand in North Korea Taedonggang
8%
Largest Region in North Korea South Hamgyong
4%
Tourists usually stay in this hotel when visiting North Korea Yanggakdo Hotel
4%
No matching quizzes found
Score Distribution
Percent of People with Each Score
Percentile by Number Answered
Your Score History
You have not taken this quiz